000 00552nam a2200217 a 4500
999 _c4242
_d4242
001 4242
003 BD-JhCC
005 20171125171219.0
008 171125s1960 e |||| ||a| 000 0 enk d
035 _a(BD-JhCC) 4242
040 _aBD-JhCC
_dBD-JhCC
041 _aeng
082 _a574.991
_bMAX 1960
100 _aMaxwell,Sir George
245 _aIn Malay Forests /
_cSir George Maxwell
260 _aLondon :
_bGeorge G. Harrap & Co.Ltd ,
_c1960
300 _a127 p .:
_c18 cm .
650 _aForest ecology
942 _2ddc
_cBK